Revista Eurolatinoamericana en Derecho Administrativo

Bibliographic Details
Format: eBook
Language:Spanish
Published: San Fe: Red Eurolatinoamericana de Derecho Administrativo, 2014 -
Subjects:
Online Access:Acceso restringido

MARC

LEADER 00000nam a22000007a 4500
005 20220510205115.0
007 cr|||| ||||
008 220510c20149999ae fr|w s|||| 0|||b1spa d
022 |a 2362-583X 
035 |a 35741 
040 |a vLex 
090 |c 13309  |d 13309 
245 0 0 |a Revista Eurolatinoamericana en Derecho Administrativo  |h [Recurso electrn̤ico] / 
256 |a Servicio en ln̕ea 
260 |a San Fe:  |b Red Eurolatinoamericana de Derecho Administrativo,  |c 2014 - 
300 |a 1 recurso electrn̤ico 
310 |a Semestral 
362 |a Nð 1-1 (Ene. 2014) - 
506 1 |a Disponible solo en los productos indicados  |d vLex Global  |d vLex Global (Academic Edition, excluding Law Schools)  |d vLex Global (U.S. Academic Edition, Law Schools)  |d vLex Global (U.S. Academic Edition, excluding Law Schools)  |d vLex Global (Academic Edition, Law Schools) 
650 0 4 |a Derecho Pb︢lico y Administrativo  |z Argentina 
740 0 |a vLex Revistas (Servicio en ln̕ea) 
856 4 0 |u https://app.vlex.com/#/sources/35741  |z Acceso restringido 
942 |c REV 
999 0 |a Public and Administrative Law